| 000 | 00642nmc a2200253 a 4500 | ||
|---|---|---|---|
| 003 | AR-BaBNM | ||
| 005 | 20251128211315.0 | ||
| 008 | 123120s1976 ||||||||||||||000 | spa|| | ||
| 040 | _cAR-BaBNM | ||
| 100 | 1 | _aBurgess, Anthony | |
| 245 | 1 | 0 | _aSinfonía napoleónica |
| 260 |
_aBuenos Aires _bEmecé Editores _c1976 |
||
| 300 | _a338 p. | ||
| 490 | 0 | _aGrandes novelistas | |
| 600 | 0 | 4 | _aNapoleón Bonaparte |
| 650 | 4 | _aLITERATURA INGLESA | |
| 650 | 4 | _aLITERATURA CONTEMPORANEA | |
| 650 | 4 | _aHUMOR | |
| 653 | _aNOVELA HISTORICA | ||
| 655 | _aLITERATURA | ||
| 700 |
_aLeal, Aníbal _etraductor |
||
| 942 | _cBK | ||
| 998 | _cmartin | ||
| 999 |
_c19081 _d19081 |
||